Commercial property joins the isurv family (Record no. 73802)

MARC details
000 -LEADER
fixed length control field 01005cam a2200193 4500
001 - CONTROL NUMBER
control field WB3944-05
008 - FIXED-LENGTH DATA ELEMENTS--GENERAL INFORMATION
fixed length control field 031118n2003 000 0 eng u
035 ## - SYSTEM CONTROL NUMBER
System control number (Sirsi) u124362
245 ## - TITLE STATEMENT
Title Commercial property joins the isurv family
260 ## - PUBLICATION, DISTRIBUTION, ETC.
Date of publication, distribution, etc. 2003
490 ## - SERIES STATEMENT
Series statement RICS Commercial Property Faculty News
Volume/sequential designation 14 November 2003 (2)
520 ## - SUMMARY, ETC.
Summary, etc. RICS books have launched a new online information subscription service, isurv.co.uk, which is an essential tool for all surveyors involved in managing commercial property leases, providing clear advice on day-to-day issues. It includes full text versions of relevant guidance notes and information papers. To find out more information go to http://www.isurv.co.uk. http://www.rics.org/ricscms/bin/show?class=News&template=/includes/shownews.html&id=7582&faculty=Commercial%20Property&faculty=All%20Faculties
590 ## - LOCAL NOTE (RLIN)
Local note WB
650 ## - SUBJECT ADDED ENTRY--TOPICAL TERM
Topical term or geographic name entry element ONLINE SERVICES
650 ## - SUBJECT ADDED ENTRY--TOPICAL TERM
Topical term or geographic name entry element GUIDANCE
650 ## - SUBJECT ADDED ENTRY--TOPICAL TERM
Topical term or geographic name entry element LEASES
690 ## - LOCAL SUBJECT ADDED ENTRY--TOPICAL TERM (OCLC, RLIN)
Topical term or geographic name as entry element PROPERTY-COMMERCIAL PROPERTY
942 ## - ADDED ENTRY ELEMENTS (KOHA)
Suppress in OPAC 0
Holdings
Withdrawn status Lost status Source of classification or shelving scheme Damaged status Not for loan Home library Current library Shelving location Date acquired Total Checkouts Full call number Barcode Date last seen Copy number Price effective from Koha item type
    Dewey Decimal Classification     London London News article 18/11/2003   WB3944-05 124362-1001 06/08/2019 1 06/08/2019 News article